Medzigeneračná solidarita nie je schopná zabezpečiť rast dôchodkov ani v priemyselne vyspelých krajinách
Financovanie dôchodkov a systému sociálneho zabezpečenia prináša problémy aj v západnej Európe a USA. Priemyselne vyspelé krajiny uplatňujú v súčasnosti systém vyplácania dôchodkov z terajších daní. Vplyv demografického vývoja na vyplácanie starobných dôchodkov. Dôchodky vo vyspelých krajinách (USA,...
Uložené v:
| Hlavný autor: | |
|---|---|
| Ďalší autori: | |
| Médium: | Kapitola |
| Jazyk: | Slovak |
| Predmet: | |
| Tagy: |
Žiadne tagy, Buďte prvý, kto otaguje tento záznam!
|
MARC
| LEADER | 00000naa a2200000 4500 | ||
|---|---|---|---|
| 001 | r020163 | ||
| 005 | 20221213100926.8 | ||
| 041 | 0 | |a slo | |
| 044 | |a SK | ||
| 245 | 1 | 0 | |a Medzigeneračná solidarita nie je schopná zabezpečiť rast dôchodkov ani v priemyselne vyspelých krajinách |c J. Matyáš, Ľ. Jurina |
| 520 | |a Financovanie dôchodkov a systému sociálneho zabezpečenia prináša problémy aj v západnej Európe a USA. Priemyselne vyspelé krajiny uplatňujú v súčasnosti systém vyplácania dôchodkov z terajších daní. Vplyv demografického vývoja na vyplácanie starobných dôchodkov. Dôchodky vo vyspelých krajinách (USA, Nemecko, V. Británia, Francúzsko, Taliansko, Španielsko, Japonsko). | ||
| 610 | 2 | 0 | |a zabezpečenie dôchodkové |
| 610 | 2 | 0 | |a dôchodky |
| 610 | 2 | 0 | |a krajiny vyspelé |
| 610 | 2 | 0 | |a vývoj populačný |
| 610 | 2 | 0 | |a demografia |
| 610 | 2 | 0 | |a západná Európa |
| 610 | 2 | 0 | |a USA |
| 100 | 1 | |a Matyáš, J. | |
| 700 | 1 | |a Jurina, Ľ. | |